[Event "AUS-ch Major"]
[Site "Sydney"]
[Date "2020.01.02"]
[Round "1"]
[White "Deng, Jimmy"]
[Black "Rupasinghe, Chanya"]
[Result "1-0"]
[WhiteElo "1915"]
[BlackElo "928"]
[PlyCount "91"]
[EventDate "2020.01.02"]
[EventType "swiss"]
[EventRounds "11"]
[EventCountry "AUS"]
[SourceTitle "EXT 2021"]
[Source "ChessBase"]
[SourceDate "2020.10.23"]
[SourceVersion "1"]
[SourceVersionDate "2020.10.23"]
[SourceQuality "1"]

1. Nf3 d5 2. d4 Nf6 3. c4 e6 4. Nc3 c5 5. Bg5 Be7 6. e3 b6 7. Rc1 Ba6 8. Ne5 dxc4 9. Qa4+ Nfd7 10. Bxe7 Qxe7 11. dxc5 bxc5 12. Nc6 Qd6 13. Nxb8 Rxb8 14. Rd1 Qc7 15. Qxa6 0-0 16. Qd6 Qxd6 17. Rxd6 Nf6 18. Bxc4 Rxb2 19. Rd2 Rb4 20. Bb3 Rfb8 21. 0-0 c4 22. Bc2 h6 23. Rfd1 g6 24. Rd8+ Rxd8 25. Rxd8+ Kg7 26. Rd1 Rb2 27. Rc1 Nd5 28. Nxd5 exd5 29. a4 f5 30. Kf1 Kf6 31. Ke2 Ke5 32. f4+ Kd6 33. Kd2 Ra2 34. Rb1 Ke6 35. Rb7 g5 36. Rxa7 gxf4 37. exf4 d4 38. Kc1 d3 39. Bd1 c3 40. Bb3+ Kd6 41. Bxa2 Kc5 42. Rc7+ Kb4 43. Rc4+ Ka3 44. Rxc3+ Kxa2 45. Rxd3 Ka1 46. Ra3# 1-0